[Event "Michigan Action"]
[Site "Detroit, MI"]
[Date "2000.12.16"]
[Round "3.4"]
[White "Rayon, Shawn"]
[Black "Skidmore, Jennifer"]
[Result "1-0"]
[WhiteElo "1248"]
[BlackElo "1924"]
[PlyCount "65"]
[EventDate "2000.12.16"]

1. c4 e6 2. d4 d5 3. e3 c6 4. Nc3 Nf6 5. Bd3 Bd6 6. Nf3 Nbd7 7. O-O O-O 8. Qc2
Re8 9. b3 e5 10. dxe5 Nxe5 11. Nxe5 Bxe5 12. Bb2 Qc7 13. h3 Ne4 14. cxd5 cxd5
15. Nxe4 Qxc2 16. Bxc2 Bxb2 17. Rab1 Be5 18. Ng5 g6 19. Nf3 Bg7 20. Rfd1 Be6
21. Ng5 Rac8 22. Nxe6 fxe6 23. Bd3 a6 24. Rbc1 Bb2 25. Rc2 Rxc2 26. Bxc2 Rc8
27. Bd3 Kf7 28. Rd2 Rc1+ 29. Kh2 Be5+ 30. g3 Ke7 31. Rc2 Rd1 32. Be2 Kd6 33.
Bxd1 1-0

[Event "Michigan Action"]
[Site "Detroit, MI"]
[Date "2000.12.16"]
[Round "6.8"]
[White "Rayon, Shawn"]
[Black "Aldrich, Justin"]
[Result "1-0"]
[WhiteElo "1248"]
[BlackElo "1637"]
[PlyCount "55"]
[EventDate "2000.12.16"]

1. c4 e5 2. d3 Nf6 3. Nf3 Bb4+ 4. Nc3 Nc6 5. Bd2 d6 6. g3 Bg4 7. Bg2 O-O 8. O-O
h6 9. a3 Bc5 10. b4 Bd4 11. Nxd4 Nxd4 12. Bxb7 Rb8 13. Bg2 Qc8 14. Be3 Bh3 15.
Bxd4 exd4 16. Ne4 Nxe4 17. dxe4 c5 18. b5 Bxg2 19. Kxg2 f5 20. exf5 Rxf5 21.
Qd3 Rh5 22. h4 Re5 23. Rae1 Qb7+ 24. Kh2 Rbe8 25. e3 Qf3 26. Qd2 dxe3 27. fxe3
Qg4 28. Qxd6 {Could not figure out after this point.} 1-0

[Event "Michigan Action"]
[Site "Detroit, MI"]
[Date "2000.12.16"]
[Round "3.13"]
[White "Raugh, Walter"]
[Black "Spencer, Tyrone"]
[Result "1-0"]
[WhiteElo "1425"]
[BlackElo "957"]
[PlyCount "47"]
[EventDate "2000.12.16"]

1. e4 c5 2. Nf3 d6 3. d4 cxd4 4. Nxd4 Nf6 5. Nc3 a6 6. Bg5 e6 7. Bc4 Be7 8. f4
b5 9. Bd3 Bb7 10. e5 dxe5 11. fxe5 Qxd4 12. Bxb5+ axb5 13. Qxd4 Nc6 14. Qe3 Ng4
15. Qf4 Ncxe5 16. Bxe7 Kxe7 17. h3 g5 18. Qxg5+ f6 19. Qg7+ Nf7 20. hxg4 Bxg2
21. Rxh7 Rhg8 22. Qxf7+ Kd6 23. O-O-O+ Ke5 24. Qc7# 1-0

[Event "Michigan Action"]
[Site "Detroit, MI"]
[Date "2000.12.16"]
[Round "1.20"]
[White "Raugh, Walter"]
[Black "Collins, Devontia"]
[Result "1-0"]
[WhiteElo "1425"]
[BlackElo "764"]
[PlyCount "72"]
[EventDate "2000.12.16"]

1. e4 e5 2. Nf3 d6 3. d4 Bg4 4. dxe5 Bxf3 5. gxf3 Nc6 6. Bb5 Be7 7. exd6 Bxd6
8. Bxc6+ bxc6 9. Be3 Nf6 10. Nd2 O-O 11. Nc4 Qe7 12. Qd3 Rad8 13. Nxd6 Rxd6 14.
Bc5 Rxd3 15. Bxe7 Re8 16. cxd3 Rxe7 17. Rc1 Re6 18. Rg1 Nh5 19. Kd2 g6 20. Rc5
Ng7 21. Rgc1 Rf6 22. Rxc6 Ne6 23. d4 Rxf3 24. Ke1 Nxd4 25. Rxc7 Rh3 26. Rd1 Ne6
27. Rxa7 Rxh2 28. Rdd7 f5 29. Ra8+ Nf8 30. Rdd8 fxe4 31. Rxf8+ Kg7 32. b4 Rh1+
33. Ke2 Rb1 34. Rfb8 Kh6 35. b5 Rb2+ 36. Ke3 Rc2 {End of scoresheet.} 1-0

[Event "Michigan Action"]
[Site "Detroit, MI"]
[Date "2000.12.16"]
[Round "5.19"]
[White "Prong, Paul"]
[Black "Haugabook, Ibrahim"]
[Result "1-0"]
[WhiteElo "917"]
[BlackElo "649"]
[PlyCount "45"]
[EventDate "2000.12.16"]

1. e4 c5 2. Nf3 e6 3. d4 d6 4. Bg5 Be7 5. Nc3 Nf6 6. Bc4 O-O 7. d5 e5 8. Nh4
Bg4 9. f3 Bd7 10. h3 Qb6 11. b3 Qa5 12. Qd2 Qd8 13. Bb5 Bxb5 14. Nxb5 a6 15.
Nc3 Nbd7 16. Nf5 Qa5 17. Nxe7+ Kh8 18. Rf1 Qa3 19. f4 Qb2 20. Ke2 Rfe8 21. Nf5
b5 22. Nxd6 Rg8 23. Nxf7# 1-0

[Event "Michigan Action"]
[Site "Detroit, MI"]
[Date "2000.12.16"]
[Round "3.15"]
[White "Prong, Paul"]
[Black "Choate, Eric"]
[Result "0-1"]
[WhiteElo "917"]
[BlackElo "1322"]
[PlyCount "42"]
[EventDate "2000.12.16"]

1. e4 e5 2. f4 exf4 3. Nf3 Nc6 4. d4 d6 5. Bxf4 Bg4 6. Bb5 a6 7. Bc4 Qf6 8. e5
Qxf4 9. Bd5 Nge7 10. h3 Nxd5 11. hxg4 Qxg4 12. O-O Nf4 13. Rf2 Nh3+ 14. Kf1
Nxf2 15. Kxf2 O-O-O 16. Nc3 dxe5 17. d5 Bc5+ 18. Kf1 Rhe8 19. Qd2 Nd4 20. Re1
Nxf3 21. gxf3 Qxf3+ 0-1

[Event "Michigan Action"]
[Site "Detroit, MI"]
[Date "2000.12.16"]
[Round "3.6"]
[White "Prong, Clint"]
[Black "al-Shareef, Robert"]
[Result "0-1"]
[WhiteElo "1230"]
[BlackElo "1841"]
[PlyCount "73"]
[EventDate "2000.12.16"]

1. e4 c5 2. Nf3 d6 3. d4 cxd4 4. Nxd4 Nf6 5. Nc3 a6 6. Bg5 e6 7. Bd3 Be7 8.
Bxf6 Bxf6 9. Nde2 Qc7 10. O-O b5 11. a3 Nd7 12. Rb1 Ne5 13. f4 Nc4 14. Bxc4
bxc4 15. Kh1 O-O 16. Ng3 g6 17. Nce2 Bb7 18. f5 exf5 19. exf5 Be5 20. Nf4 Qc6
21. Qd2 d5 22. c3 Rad8 23. Rbe1 Bg7 24. Nge2 Bh6 25. Nd4 Qd6 26. Qf2 Bc8 27. g4
Rde8 28. Rxe8 Rxe8 29. Qg3 Re4 30. g5 Bf8 31. f6 Qe5 32. Nc6 Qe8 33. Nb4 d4 34.
Nfd5 Bb7 35. Kg1 a5 36. Nc7 Qd7 37. Rf4 {End of scoresheet.} 0-1

[Event "Michigan Action"]
[Site "Detroit, MI"]
[Date "2000.12.16"]
[Round "5.15"]
[White "Prong, Clint"]
[Black "LaFerriere, Adam"]
[Result "1-0"]
[WhiteElo "1230"]
[BlackElo "917"]
[PlyCount "111"]
[EventDate "2000.12.16"]

1. e4 Nf6 2. e5 Nd5 3. c4 Nb6 4. c5 Nd5 5. Nc3 Nxc3 6. bxc3 Nc6 7. d4 d6 8.
cxd6 cxd6 9. f4 dxe5 10. fxe5 e6 11. Nf3 g6 12. Bb5 Bd7 13. a4 Bg7 14. O-O O-O
15. Ba3 Re8 16. Rb1 a6 17. Bd3 b5 18. axb5 axb5 19. Bd6 Na7 20. Qe2 Qa5 21. Ng5
Qxc3 22. Bc5 f5 23. exf6 Rec8 24. fxg7 Re8 25. Bxa7 Rxa7 26. Bxb5 Qxd4+ 27. Kh1
Bxb5 28. Qxb5 Rc8 29. Rf8+ Kxg7 30. Nxe6+ Kh6 31. Nxd4 Rxf8 32. Qc5 Raf7 33.
Nf3 Rf5 34. Qe3+ Kg7 35. Rb7+ R5f7 36. Rxf7+ Rxf7 37. h3 h5 38. Qe5+ Kg8 39.
Ng5 Rf5 40. Qe8+ Kg7 41. h4 Kf6 42. Qf7+ Ke5 43. Qxg6 Kf4 44. g3+ Kg4 45. Qe6
Kxg3 46. Ne4+ Kf4 47. Nd6 Re5 48. Qc4+ Ke3 49. Nf7 Rf5 50. Kg2 Rf2+ 51. Kg1 Kf3
52. Ne5+ Kg3 53. Qd3+ Kf4 54. Qd4+ Kg3 55. Qxf2+ Kh3 56. Qh2# 1-0

[Event "Michigan Action"]
[Site "Detroit, MI"]
[Date "2000.12.16"]
[Round "2.11"]
[White "Prong, Clint"]
[Black "Aldrich, Justin"]
[Result "1-0"]
[WhiteElo "1230"]
[BlackElo "1637"]
[PlyCount "74"]
[EventDate "2000.12.16"]

1. e4 e5 2. f4 exf4 3. Nf3 d6 4. Bc4 Be7 5. O-O Nf6 6. Nc3 Nc6 7. d4 O-O 8.
Bxf4 Bg4 9. a3 h6 10. Qd3 a6 11. Rae1 Re8 12. e5 dxe5 13. Nxe5 Nh5 {Justin
said he just grabbed the wrong knight.} 14. Nxf7 Qxd4+ 15. Qxd4 Nxd4 16. Nxh6+
Kh7 17. Nxg4 Nxf4 18. Rxf4 Rad8 19. Bd3+ Kh8 20. Kh1 Bc5 21. Rxe8+ Rxe8 22. g3
Re1+ 23. Kg2 Ne6 24. Re4 Rg1+ 25. Kh3 Ng5+ 26. Kh4 Nxe4 27. Nxe4 Be7+ 28. Kh3
Rb1 29. Ne5 Bd6 30. Nf7+ Kg8 31. Nfxd6 cxd6 32. b3 d5 33. Nc3 d4 34. Nxb1 b5
35. c4 dxc3 36. Nxc3 Kf7 37. a4 b4 1-0

[Event "Michigan Women's"]
[Site "Detroit, MI"]
[Date "2000.12.16"]
[Round "2.6"]
[White "Nichols, Glenda"]
[Black "Coleman, Keyanna"]
[Result "0-1"]
[WhiteElo "681"]
[BlackElo "454"]
[PlyCount "52"]
[EventDate "2000.12.16"]

1. e4 e5 2. Nf3 Nc6 3. Bc4 Bc5 4. O-O d6 5. Bb5 Nf6 6. d3 Bg4 7. h3 Bxh3 8.
gxh3 Nh5 9. Ng5 O-O 10. Qxh5 h6 11. Bc4 Qf6 12. Nf3 Ne7 13. Nc3 Ng6 14. Nd5 Qe6
15. Ng5 Qd7 16. Ne3 Nf4 17. Bxf7+ Rxf7 18. Qf3 Nxh3+ 19. Qxh3 Qe8 20. Qe6 hxg5
21. Qg6 Bxe3 22. Bxe3 Re7 23. Qf5 Qh5 24. Bxg5 g6 25. Qf6 Qg4+ 26. Kh1 Rh7+ {
They thought it was mate.} 0-1

[Event "Michigan Action"]
[Site "Detroit, MI"]
[Date "2000.12.16"]
[Round "4.22"]
[White "McKinzie, Maurice"]
[Black "Weeks, Shanar"]
[Result "1-0"]
[WhiteElo "849"]
[BlackElo "896"]
[PlyCount "81"]
[EventDate "2000.12.16"]

1. Nf3 e6 2. Nc3 Bc5 3. e4 Nf6 4. d4 Bb4 5. Bd2 Bxc3 6. Bxc3 Nxe4 7. d5 Nxc3 8.
bxc3 O-O 9. dxe6 dxe6 10. Qxd8 Rxd8 11. Bd3 Nc6 12. Ng5 g6 13. O-O Ne5 14. Be4
Nc4 15. Rad1 Rxd1 16. Rxd1 e5 17. Rb1 Rb8 18. Bd5 Nd6 19. Re1 Bf5 20. Rxe5 Bxc2
21. Re7 c6 22. Nxf7 Nxf7 23. Bxf7+ Kf8 24. Rd7 Be4 25. Bb3 Re8 26. Rf7+ Kg8 27.
Re7+ Kf8 28. Rxe8+ Kxe8 29. Ba4 Kd7 30. h3 Kd6 31. Bb3 b5 32. c4 a6 33. cxb5
axb5 34. Kf1 Kc5 35. Ke2 Kb4 36. g4 c5 37. f4 c4 38. f5 cxb3 39. axb3 Kxb3 40.
f6 Kc4 41. f7 {The game does not make sense after this move.} 1-0

[Event "Michigan Action"]
[Site "Detroit, MI"]
[Date "2000.12.16"]
[Round "2.17"]
[White "McKinzie, Maurice"]
[Black "Hartsfield, Jonathan"]
[Result "0-1"]
[WhiteElo "849"]
[BlackElo "1096"]
[PlyCount "45"]
[EventDate "2000.12.16"]

1. Nf3 c5 2. e4 e6 3. Bc4 d6 4. Nc3 Nc6 5. d3 Nf6 6. Bg5 Be7 7. d4 cxd4 8. Nxd4
Qc7 9. Bb5 a6 10. Bxc6+ bxc6 11. Qf3 h6 12. Bxf6 Bxf6 13. e5 Bxe5 14. Nxc6 Bb7
15. O-O Bxc6 16. Qd3 O-O 17. Ne4 Bxe4 18. Qxe4 Rfc8 19. c3 f5 20. Qf3 Rab8 21.
Rfe1 d5 22. Qe2 Bxc3 23. bxc3 {End of scoresheets.} 0-1

[Event "Michigan Action"]
[Site "Detroit, MI"]
[Date "2000.12.16"]
[Round "5.17"]
[White "McKinzie, Maurice"]
[Black "Coleman, Kareem"]
[Result "1/2-1/2"]
[WhiteElo "849"]
[BlackElo "808"]
[PlyCount "63"]
[EventDate "2000.12.16"]

1. Nf3 Nf6 2. Nc3 Nc6 3. e4 e5 4. Bc4 Bc5 5. d3 Ng4 6. Ng5 Nxf2 7. Qf3 f6 8.
O-O Nh3+ 9. Kh1 Nxg5 10. Bxg5 Nd4 11. Bxf6 gxf6 12. Qh5+ Ke7 13. Qf7+ Kd6 14.
Nb5+ Kc6 15. Nxd4+ exd4 16. Rxf6+ d6 17. Qd5+ Kb6 18. a4 a5 19. e5 c6 20. Qe4
Re8 21. c3 Qxf6 22. cxd4 dxe5 23. dxc5+ Kxc5 24. d4+ Kd6 25. Rd1 Kc7 26. d5
cxd5 27. Bxd5 Qf4 28. Qxh7+ Kb8 29. Qg6 Rf8 30. Qd6+ Ka7 31. Qc5+ Kb8 32. Qd6+
1/2-1/2

[Event "Michigan Action"]
[Site "Detroit, MI"]
[Date "2000.12.16"]
[Round "1.5"]
[White "McFolley, Tyrone"]
[Black "Skidmore, Jennifer"]
[Result "0-1"]
[WhiteElo "1065"]
[BlackElo "1924"]
[PlyCount "70"]
[EventDate "2000.12.16"]

1. e4 e5 2. Nf3 d6 3. d4 exd4 4. Nxd4 Be7 5. Bc4 Nf6 6. Nc3 O-O 7. f4 c6 8. Bb3
b5 9. Qd3 b4 10. Nce2 Ba6 11. Qf3 d5 12. e5 Ne4 13. Be3 Qd7 14. Qh3 Qxh3 15.
gxh3 Bh4+ 16. Kd1 Bf2 17. Bxf2 Nxf2+ 18. Kd2 Nxh1 19. Rxh1 Bb7 20. c3 bxc3+ 21.
Kxc3 c5 22. Nb5 d4+ 23. Kd3 Bxh1 24. Nc7 Nc6 25. Nxa8 Rxa8 26. Ng3 Bg2 27. a3
Na5 28. Ba2 Rd8 29. b3 c4+ 30. Kd2 cxb3 31. Bb1 Nc4+ 32. Kd1 d3 33. Nf5 d2 34.
Ne7+ Kh8 35. Bxh7 Bf3# 0-1

[Event "Michigan Action"]
[Site "Detroit, MI"]
[Date "2000.12.16"]
[Round "2.8"]
[White "Marson, Michael"]
[Black "Rayon, Shawn"]
[Result "0-1"]
[WhiteElo "1779"]
[BlackElo "1248"]
[PlyCount "110"]
[EventDate "2000.12.16"]

1. d4 d5 2. c4 e6 3. Nc3 Nf6 4. Nf3 c5 5. cxd5 exd5 6. g3 Be7 7. Bg2 Nc6 8. O-O
O-O 9. Bg5 h6 10. Bxf6 Bxf6 11. dxc5 Be6 12. e3 Bxc3 13. bxc3 Qa5 14. Nd4 Qxc5
15. Qb3 Rab8 16. Rac1 a6 17. Rc2 Rfc8 18. Rfc1 Qd6 19. Qb6 Qd7 20. f4 Nxd4 21.
cxd4 Rxc2 22. Rxc2 Bf5 23. Qc7 Qe8 24. Rc3 Rc8 25. Qe5 Qxe5 26. Rxc8+ Bxc8 27.
dxe5 Be6 28. a3 Kf8 29. Kf2 Ke7 30. Ke2 Kd7 31. Kd3 Kc6 32. e4 dxe4+ 33. Bxe4+
Bd5 34. Bf5 Kc5 35. Kc3 b5 36. Bg4 a5 37. f5 b4+ 38. axb4+ axb4+ 39. Kb2 Kc6
40. h4 Bc4 41. Bf3+ Kd7 42. g4 g6 43. Be4 g5 44. hxg5 hxg5 45. Bf3 Kc7 46. Kc2
Kb6 47. Kd2 Kc5 48. Be2 Bxe2 49. Kxe2 Kd5 50. e6 fxe6 51. f6 Kd6 52. Kd2 e5 53.
Kc2 e4 54. Kb3 e3 55. Kc2 b3+ 0-1

[Event "Michigan Action"]
[Site "Detroit, MI"]
[Date "2000.12.16"]
[Round "4.14"]
[White "Marson, Michael"]
[Black "Prong, Paul"]
[Result "1-0"]
[WhiteElo "1779"]
[BlackElo "917"]
[PlyCount "37"]
[EventDate "2000.12.16"]

1. d4 d5 2. c4 dxc4 3. Nf3 Nc6 4. d5 Qd6 5. dxc6 Qxc6 6. Nc3 Nf6 7. Nd4 Qa6 8.
Ndb5 Qc6 9. Bf4 e5 10. Bxe5 Bd6 11. Bxd6 cxd6 12. Nxd6+ Kd7 13. Nxf7+ Kc7 14.
Nxh8 Be6 15. Qa4 Qc5 16. Qb5 Qd4 17. Rd1 Qf4 18. Qc5+ Kb8 19. Rd8+ 1-0

[Event "Michigan Action"]
[Site "Detroit, MI"]
[Date "2000.12.16"]
[Round "6.7"]
[White "Marson, Michael"]
[Black "Prong, Clint"]
[Result "1-0"]
[WhiteElo "1779"]
[BlackElo "1230"]
[PlyCount "83"]
[EventDate "2000.12.16"]

1. d4 Nf6 2. c4 g6 3. Nc3 Bg7 4. e4 d6 5. Nf3 Bg4 6. Be2 O-O 7. O-O Re8 8. Bg5
Nbd7 9. Qd2 Bxf3 10. Bxf3 e5 11. d5 c6 12. Rac1 Rc8 13. dxc6 Rxc6 14. Nd5 Qc8
15. b3 Nxd5 16. cxd5 Rc7 17. Rxc7 Qxc7 18. Rc1 Qb8 19. Qc2 h6 20. Be3 b6 21.
Qc7 Nc5 22. Qxb8 Rxb8 23. b4 Nd3 24. Rc4 g5 25. Be2 Nf4 26. Kf1 Bf8 27. Rc7
Nxe2 28. Kxe2 a5 29. b5 Kg7 30. a4 Kg6 31. Rc6 f5 32. f3 f4 33. Bf2 h5 34. Rxb6
Rc8 35. Rc6 Rxc6 36. bxc6 g4 37. c7 g3 38. hxg3 fxg3 39. Bxg3 h4 40. Bxh4 Kh5
41. c8=Q Kxh4 42. Qg4# 1-0

[Event "Michigan Women's"]
[Site "Detroit, MI"]
[Date "2000.12.16"]
[Round "3.3"]
[White "Maldonado, Diana"]
[Black "Sturdivant, Ashley"]
[Result "1/2-1/2"]
[WhiteElo "896"]
[BlackElo "888"]
[PlyCount "120"]
[EventDate "2000.12.16"]

1. e4 e5 2. Nf3 Nc6 3. Nc3 Bc5 4. Bb5 d6 5. Bxc6+ bxc6 6. O-O Nf6 7. d3 h6 8.
h3 O-O 9. Qe2 Re8 10. Be3 Bxe3 11. Qxe3 Qe7 12. Rfe1 Bb7 13. Rad1 Rad8 14. Qxa7
Rb8 15. Qe3 Nd7 16. d4 exd4 17. Nxd4 d5 18. f3 Rbd8 19. b3 Rb8 20. Rd3 Ba6 21.
Rdd1 Bb7 22. Rd3 Ba6 23. Nxc6 Qe6 24. Nxb8 Bxd3 25. Nxd7 Qxd7 26. cxd3 d4 27.
Qd2 dxc3 28. Qxc3 Rd8 29. Re3 Rc8 30. a4 c5 31. e5 Kf8 32. Qc4 Ke7 33. Qh4+ Kf8
34. Qf4 Ke7 35. Qh4+ Kf8 36. Qf4 Ke7 37. Kf1 Rc7 38. Qc4 Rc6 39. Qh4+ Kf8 40.
Qf4 Ke7 41. Qg3 Qd4 42. Qf2 Qd5 43. f4 Qxb3 44. Qh4+ Ke6 45. Qg4+ Ke7 46. Qh4+
Kd7 47. Qh5 Ke7 48. Qg4 Qxa4 49. Qxg7 Qxf4+ 50. Rf3 Rg6 51. Rxf4 Rxg7 52. Rc4
Ke6 53. Rxc5 Rg3 54. d4 Rg5 55. Kf2 f6 56. exf6 Rxc5 57. dxc5 Kxf6 58. c6 Ke6
59. c7 Kd7 60. g4 Kxc7 {End of scoresheets. Did they agree here?} 1/2-1/2

[Event "Michigan Women's"]
[Site "Detroit, MI"]
[Date "2000.12.16"]
[Round "1.5"]
[White "Maldonado, Diana"]
[Black "Haugabook, Rashida"]
[Result "1-0"]
[WhiteElo "896"]
[BlackElo "454"]
[PlyCount "23"]
[EventDate "2000.12.16"]

1. e4 e5 2. Nc3 d6 3. Bc4 Be6 4. Bxe6 fxe6 5. d3 Be7 6. Qg4 Nf6 7. Qg3 O-O 8.
Bh6 Rf7 9. Nf3 c6 10. Ng5 Rf8 11. Nxe6 Qe8 12. Qxg7# 1-0

[Event "Michigan Action"]
[Site "Detroit, MI"]
[Date "2000.12.16"]
[Round "6.19"]
[White "LaFerriere, Adam"]
[Black "McKinzie, Maurice"]
[Result "1-0"]
[WhiteElo "917"]
[BlackElo "849"]
[PlyCount "57"]
[EventDate "2000.12.16"]

1. e4 Nc6 2. Nf3 e5 3. d4 exd4 4. Nxd4 Qe7 5. Nc3 Nf6 6. Nxc6 bxc6 7. Bg5 Qd6
8. Qe2 Be7 9. e5 Qe6 10. exf6 Qxe2+ 11. Bxe2 gxf6 12. Bf4 d6 13. O-O-O Rg8 14.
Bf3 Bb7 15. Rde1 a5 16. Re3 a4 17. Rhe1 Kf8 18. Rxe7 a3 19. Bh6+ Rg7 20. Bxg7+
Kxg7 21. bxa3 Rxa3 22. Kb2 Ra6 23. Rxc7 Rb6+ 24. Kc1 Ba8 25. Ree7 Ra6 26. Rxf7+
Kg8 27. Rg7+ Kh8 28. Rgd7 Ra7 29. Rc8# 1-0

[Event "Michigan Action"]
[Site "Detroit, MI"]
[Date "2000.12.16"]
[Round "4.6"]
[White "LaFerriere, Adam"]
[Black "Jointer, William"]
[Result "0-1"]
[WhiteElo "917"]
[BlackElo "1648"]
[PlyCount "54"]
[EventDate "2000.12.16"]

1. e4 g6 2. d3 Bg7 3. c3 d6 4. Nf3 Nf6 5. Be3 c5 6. Qd2 Ng4 7. d4 Nxe3 8. Qxe3
b6 9. Bb5+ Nd7 10. dxc5 bxc5 11. e5 O-O 12. e6 Nf6 13. exf7+ Rxf7 14. Bc4 d5
15. Ng5 dxc4 16. Nxf7 Kxf7 17. Qxc5 Qd3 18. Na3 Ne4 19. Qxc4+ Qxc4 20. Nxc4 Ba6
21. f3 Nxc3 22. Rc1 Nxa2 23. Rc2 Nb4 24. Na3 Nxc2+ 25. Nxc2 Rc8 26. Kd1 Bxb2
27. Re1 Bd3 {The scoresheet does not make sense after this point.} 0-1

[Event "Michigan Action"]
[Site "Detroit, MI"]
[Date "2000.12.16"]
[Round "2.10"]
[White "Jointer, William"]
[Black "Hershberger, Kent"]
[Result "1-0"]
[WhiteElo "1648"]
[BlackElo "1088"]
[PlyCount "27"]
[EventDate "2000.12.16"]

1. e4 e5 2. f4 exf4 3. Nf3 Nf6 4. e5 Nd5 5. Bc4 Nb6 6. Bb3 Be7 7. O-O O-O 8. d4
d6 9. Bxf4 dxe5 10. Nxe5 Bg5 11. Bxg5 Qxg5 12. Nxf7 Qe3+ 13. Kh1 Qe4 14. Nh6+
1-0

[Event "Michigan Action"]
[Site "Detroit, MI"]
[Date "2000.12.16"]
[Round "3.3"]
[White "Jointer, William"]
[Black "Ghobrial, Ameer"]
[Result "0-1"]
[WhiteElo "1648"]
[BlackElo "2103"]
[PlyCount "56"]
[EventDate "2000.12.16"]

1. d4 e6 2. e4 d5 3. e5 c5 4. c3 Nc6 5. Nf3 Qb6 6. Bd3 cxd4 7. cxd4 Bd7 8. O-O
Nxd4 9. Nxd4 Qxd4 10. Nc3 a6 11. Re1 Ne7 12. Kh1 Qxf2 13. Rf1 Qd4 14. Qf3 O-O-O
15. Bd2 Nc6 16. Rac1 Kb8 17. Be3 Qb4 18. Qe2 d4 19. Bf2 dxc3 20. bxc3 Qa4 21.
Rb1 Bc8 22. Rb2 Ba3 23. Rb6 Rd7 24. Rfb1 Kc7 25. Bc2 Qa5 26. c4 Bc5 27. Bxc5
Qxc5 28. Qf3 Nxe5 {End of scoresheet.} 0-1

[Event "Michigan Action"]
[Site "Detroit, MI"]
[Date "2000.12.16"]
[Round "5.6"]
[White "Jointer, William"]
[Black "Finegold, Spencer"]
[Result "0-1"]
[WhiteElo "1648"]
[BlackElo "1015"]
[PlyCount "82"]
[EventDate "2000.12.16"]

1. e4 e5 2. f4 Bc5 3. Nf3 Nc6 4. Bc4 d6 5. c3 Bg4 6. d4 exd4 7. h3 Bxf3 8. Qxf3
dxc3 9. Nxc3 Nge7 10. e5 Nd4 11. Qd3 dxe5 12. Be3 Nf3+ 13. gxf3 Qxd3 14. Bxd3
Bxe3 15. fxe5 Bf4 16. Kf2 Bxe5 17. Rhe1 Bf6 18. Re2 O-O 19. Rae1 Rad8 20. Be4
Bh4+ 21. Kg2 Bxe1 22. Rxe1 Rd2+ 23. Kg3 Rxb2 24. Bxh7+ Kxh7 25. Rxe7 c6 26. Ne4
Rxa2 27. Rxb7 a5 28. Ra7 Ra1 29. Nc3 c5 30. h4 f6 31. Rc7 a4 32. Kg4 a3 33.
Rxc5 a2 34. Kf4 Rc1 35. Rh5+ Kg6 36. Nxa2 Rc4+ 37. Kg3 Kxh5 38. f4 Ra8 39. Nc3
Rxc3+ 40. Kf2 Ra2+ 41. Ke1 Rc1# 0-1

[Event "Michigan Action"]
[Site "Detroit, MI"]
[Date "2000.12.16"]
[Round "2.16"]
[White "Jarrett, Thomas"]
[Black "Coleman, Kareem"]
[Result "1-0"]
[WhiteElo "1106"]
[BlackElo "808"]
[PlyCount "25"]
[EventDate "2000.12.16"]

1. d4 d5 2. Nf3 Nc6 3. g3 Nf6 4. Bg2 Bf5 5. O-O Nb4 6. Na3 e6 7. c3 Nc6 8. Nc2
Bd6 9. Re1 O-O 10. Ng5 h6 11. e4 dxe4 12. Nxe4 Bxe4 13. Bh3 {Scoresheet does
not make sense after this point.} 1-0

[Event "Michigan Action"]
[Site "Detroit, MI"]
[Date "2000.12.16"]
[Round "4.12"]
[White "Jarrett, Thomas"]
[Black "Babka, Jay"]
[Result "0-1"]
[WhiteElo "1106"]
[BlackElo "1718"]
[PlyCount "58"]
[EventDate "2000.12.16"]

1. d4 f5 2. Nf3 g6 3. g3 Bg7 4. Bg2 Nf6 5. O-O d6 6. c3 O-O 7. Re1 Qe8 8. Nfd2
Nc6 9. e4 fxe4 10. Nxe4 Nxe4 11. Bxe4 Qf7 12. Qb3 e6 13. Qc2 d5 14. Bg2 e5 15.
dxe5 Nxe5 16. Be3 Bf5 17. Qd2 c6 18. Bc5 Bh3 19. Bxf8 Nf3+ 20. Kh1 Bxg2+ 21.
Kxg2 Nxd2 22. Nxd2 Rxf8 23. Rf1 d4 24. Ne4 Qf3+ 25. Kg1 Qxe4 26. Rae1 Qc2 27.
cxd4 Bxd4 28. Rc1 Bxf2+ 29. Kh1 Qe4# 0-1

[Event "Michigan Action"]
[Site "Detroit, MI"]
[Date "2000.12.16"]
[Round "6.23"]
[White "James, Kim"]
[Black "Weeks, Shanar"]
[Result "0-1"]
[WhiteElo "617"]
[BlackElo "896"]
[PlyCount "101"]
[EventDate "2000.12.16"]

1. e4 e5 2. Nf3 Nc6 3. Bc4 Nf6 4. Nc3 Bc5 5. d3 O-O 6. Bg5 Be7 7. O-O Re8 8.
Re1 d6 9. Re3 Bg4 10. h3 Bh5 11. g4 Bxg4 12. hxg4 Nxg4 13. Re2 Bxg5 14. Nxg5
Qxg5 15. Qd2 Nd4 16. Qxg5 Nxe2+ 17. Nxe2 b5 18. Bxb5 Re6 19. Qxg4 Rg6 20. Qxg6
fxg6 21. Kg2 Rb8 22. Bc4+ Kh8 23. f4 Rxb2 24. Rc1 h5 25. fxe5 dxe5 26. Bb3 Kh7
27. d4 exd4 28. Nxd4 Kh6 29. e5 c5 30. Ne2 c4 31. Bxc4 Rb8 32. Nf4 g5 33. Nxh5
Kxh5 34. Rh1+ Kg4 35. Rh7 Re8 36. Rxg7 Rxe5 37. Be2+ Kf4 38. Bh5 Ra5 39. Rf7+
Ke5 40. Re7+ Kf4 41. Bg6 Rxa2 42. Rc7 g4 43. Rc4+ Kg5 44. Be4 a5 45. Bc6 Ra3
46. c3 Kh4 47. Rc5 Ra2+ 48. Kf1 Kh3 49. Bg2+ Rxg2 50. Rxa5 Kg3 51. c4 {End of
scoresheet.} 0-1

[Event "Michigan Action"]
[Site "Detroit, MI"]
[Date "2000.12.16"]
[Round "4.18"]
[White "James, Kim"]
[Black "Hershberger, Kent"]
[Result "0-1"]
[WhiteElo "617"]
[BlackElo "1088"]
[PlyCount "60"]
[EventDate "2000.12.16"]

1. e4 e5 2. Nf3 Nf6 3. Bc4 Bc5 4. Ng5 O-O 5. Nxf7 Rxf7 6. Bxf7+ Kxf7 7. d3 d6
8. Nc3 Ng4 9. Be3 Nxe3 10. fxe3 Kg8 11. d4 exd4 12. exd4 Bb4 13. Rf1 Qh4+ 14.
g3 Qxe4+ 15. Kd2 Qxd4+ 16. Ke2 Bg4+ 17. Ke1 Bxd1 18. Rxd1 Bxc3+ 19. Ke2 Qe4+
20. Kf2 Bd4+ 21. Rxd4 Qxd4+ 22. Ke1 Nc6 23. Ke2 Re8+ 24. Kf3 Ne5+ 25. Kg2 Qg4
26. Rf4 Qe2+ 27. Rf2 Qe4+ 28. Kf1 Ng4 29. Rg2 Rf8+ 30. Kg1 Qe1# 0-1

[Event "Michigan Action"]
[Site "Detroit, MI"]
[Date "2000.12.16"]
[Round "2.13"]
[White "James, Kim"]
[Black "Herreshoff, Matt"]
[Result "0-1"]
[WhiteElo "617"]
[BlackElo "1684"]
[PlyCount "57"]
[EventDate "2000.12.16"]

1. e4 e6 2. Nf3 d5 3. exd5 exd5 4. d4 Bd6 5. Nc3 c6 6. Bg5 Qc7 7. Qe2+ Ne7 8.
O-O-O O-O 9. Re1 Ng6 10. Nh4 Bf4+ 11. Bxf4 Qxf4+ 12. Qe3 Qxe3+ 13. Rxe3 Nxh4
14. g3 Nf5 15. Rf3 Nxd4 16. Rf4 Ne6 17. Rf3 Bd7 18. Bd3 Nc5 19. Re1 Nxd3+ 20.
Rxd3 Be6 21. Ne2 Nd7 22. Nf4 Rfe8 23. Nxe6 Rxe6 24. Rxe6 fxe6 25. f4 Re8 26.
Ra3 a6 27. Re3 e5 28. a4 d4 29. Re4 0-1

[Event "Michigan Action"]
[Site "Detroit, MI"]
[Date "2000.12.16"]
[Round "4.13"]
[White "Imai, Toshio"]
[Black "Wilder, Derek"]
[Result "1/2-1/2"]
[WhiteElo "1419"]
[BlackElo "876"]
[PlyCount "39"]
[EventDate "2000.12.16"]

1. e4 c5 2. d4 cxd4 3. c3 d3 4. Bxd3 Nc6 5. Nf3 d6 6. c4 e6 7. Nc3 Be7 8. O-O
Nf6 9. Qe2 O-O 10. Bf4 e5 11. Be3 Ng4 12. Rad1 Nxe3 13. Qxe3 Be6 14. b3 Qd7 15.
Nd5 Bg4 16. h3 Bh5 17. g4 Bg6 18. Nxe7+ Nxe7 19. Nh4 h6 20. Nf5 1/2-1/2

[Event "Michigan Action"]
[Site "Detroit, MI"]
[Date "2000.12.16"]
[Round "2.7"]
[White "Imai, Toshio"]
[Black "Skidmore, Mike"]
[Result "0-1"]
[WhiteElo "1419"]
[BlackElo "1831"]
[PlyCount "60"]
[EventDate "2000.12.16"]

1. e4 c6 2. d4 d5 3. Nc3 dxe4 4. f3 exf3 5. Nxf3 Bg4 6. Be3 Nf6 7. Bc4 e6 8. a3
Nbd7 9. O-O Nb6 10. Bb3 Be7 11. h3 Bxf3 12. Qxf3 O-O 13. Ne4 Nfd5 14. Rad1 Nxe3
15. Qxe3 Qc7 16. c3 Rad8 17. Rf3 c5 18. Rdf1 cxd4 19. cxd4 Nd5 20. Qd3 Qb6 21.
Bc2 g6 22. b4 Nc7 23. Nc5 Nb5 24. Rf4 e5 25. Rg4 Nxd4 26. Qc4 Nxc2 27. Qxc2
Bxc5+ 28. bxc5 Qc6 29. Rc4 Rd5 30. Qf2 b6 {Black won on time.} 0-1